| 000 | 01013cam a2200289 4500 | ||
|---|---|---|---|
| 001 | ABS68160 | ||
| 008 | 040831n2004 000 0 eng u | ||
| 035 | _a(Sirsi) u127229 | ||
| 100 | _aBogie, M. | ||
| 245 | 2 | _aA guide through the cross-border maze | |
| 260 | _c2004 | ||
| 490 |
_aEstates Gazette _v(0434) 21 August 2004, 62-64(3) |
||
| 520 | _aHighlights the key issues in property law between Scotland and England and Wales. Outlines differences at the pre-contract, contract, post-contract and post-completion and settlement stages which can cause confusion and misunderstanding in cross-border transactions involving elements of both legal systems. | ||
| 590 | _aABS | ||
| 590 | _aABS | ||
| 650 | _aPROPERTY TRANSACTIONS | ||
| 650 | _aENGLISH LAW | ||
| 650 | _aSCOTTISH LAW | ||
| 650 |
_aContracts _96232 |
||
| 650 | _aCONVEYANCING | ||
| 650 | _aMISSIVES | ||
| 650 | _aCOMPLETION | ||
| 650 | _aSETTLEMENT | ||
| 690 | _aPROPERTY AND LAND LAW | ||
| 700 | _aOliphant, R. | ||
| 942 | _n0 | ||
| 999 |
_c117931 _d117931 |
||